LEADER 04516nam 2200613 a 450 001 9910139087803321 005 20200716210400.0 010 $a1-283-57411-X 010 $a9786613886569 010 $a1-118-36989-0 010 $a1-118-36992-0 010 $a1-118-36991-2 010 $a1-118-37992-6 035 $a(CKB)2560000000090077 035 $a(EBL)990959 035 $a(OCoLC)821866018 035 $a(SSID)ssj0000704953 035 $a(PQKBManifestationID)11419622 035 $a(PQKBTitleCode)TC0000704953 035 $a(PQKBWorkID)10619554 035 $a(PQKB)10718463 035 $a(MiAaPQ)EBC990959 035 $a(PPN)248871064 035 $a(EXLCZ)992560000000090077 100 $a20120427d2012 uy 0 101 0 $aeng 135 $aur|n|---||||| 181 $ctxt 182 $cc 183 $acr 200 10$aFinite elements$b[electronic resource] $ecomputational engineering sciences /$fA.J. Baker 210 $aHoboken, N.J. $cWiley$d2012 215 $a1 online resource (289 p.) 300 $aDescription based upon print version of record. 311 $a1-119-94050-8 320 $aIncludes bibliographical references and index. 327 $aFinite Elements: Computational Engineering Sciences; Contents; Preface; About the Author; Notations; 1 The Computational Engineering Sciences: an introduction; 1.1 Engineering Simulation; 1.2 A Problem-Solving Environment; 1.3 Weak Formulation Essence; 1.4 Decisions on Forming WSN; 1.5 Discrete WSh Implementations; 1.6 Chapter Summary; References; 2 Problem Statements: in the engineering sciences; 2.1 Engineering Simulation; 2.2 Continuum Mechanics Viewpoint; 2.3 Continuum Conservation Principle Forms; 2.4 Constitutive Closure for Conservation Principle PDEs 327 $a2.5 Engineering Science Continuum MechanicsReferences; 3 Some Introductory Material: PDEs, BCs, solutions, discrete concepts; 3.1 Example Linear Heat Conduction Solutions; 3.2 Multidimensional PDEs, Separation of Variables; 3.3 Mathematical Foundation Essence for GWSN; 3.4 A Legacy FD Construction; 3.5 An FD Approximate Solution; 3.6 Lagrange Interpolation Polynomials; 3.7 Chapter Summary; Exercises; References; 4 Heat Conduction: an FE weak statement tutorial; 4.1 A Steady Heat Conduction Example; 4.2 Weak Form Approximation, Error Extremization 327 $a5.6 Global Theory, Asymptotic Error Estimate5.7 Nonsmooth Data, Theory Generalization; 5.8 Temperature-Dependent Conductivity, Nonlinearity; 5.9 Static Condensation, p-Elements; 5.10 Chapter Summary; Exercises; Computer Labs; References; 6 Engineering Sciences, n = 1: GWSh {Nk(??)} implementations in the computational engineering sciences; 6.1 Introduction; 6.2 The Euler-Bernoulli Beam Equation; 6.3 Euler-Bernoulli Beam Theory GWSh Reformulation; 6.4 Timoshenko Beam Theory; 6.5 Mechanical Vibrations of a Beam; 6.6 Fluid Mechanics, Potential Flow; 6.7 Electromagnetic Plane Wave Propagation 327 $a6.8 Convection-Radiation Finned Cylinder Heat Transfer6.9 Chapter Summary; Exercises; Computer Labs; References; 7 Steady Heat Transfer, n > 1: n = 2, 3 GWSh for D E+ BCs, FE bases, convergence, error mechanisms; 7.1 Introduction; 7.2 Multidimensional FE Bases and DOF; 7.3 Multidimensional FE Operations for {Nk(? ?)}; 7.4 The NCk = 1,2 Basis FE Matrix Library; 7.5 NC Basis {WS}e Template, Accuracy, Convergence; 7.6 The Tensor Product Basis Element Family; 7.7 Gauss Numerical Quadrature, k = 1 TP Basis Library; 7.8 Convection-Radiation BC GWSh Implementation 327 $a7.9 Linear Basis GWSh Template Unification 330 $aApproaches computational engineering sciences from the perspective of engineering applications Uniting theory with hands-on computer practice, this book gives readers a firm appreciation of the error mechanisms and control that underlie discrete approximation implementations in the engineering sciences. Key features: Illustrative examples include heat conduction, structural mechanics, mechanical vibrations, heat transfer with convection and radiation, fluid mechanics and heat and mass transportTakes a cross-discipline continuum mechanics viewpoi 606 $aFinite element method 615 0$aFinite element method. 676 $a620.001/51825 676 $a620.00151825 700 $aBaker$b A. J.$f1936-$0911424 801 0$bMiAaPQ 801 1$bMiAaPQ 801 2$bMiAaPQ 906 $aBOOK 912 $a9910139087803321 996 $aFinite elements$92179720 997 $aUNINA LEADER 04714nam 2200685 450 001 9910798051603321 005 20200917021826.0 010 $a1-61451-695-2 010 $a1-61451-969-2 024 7 $a10.1515/9781614516958 035 $a(CKB)3710000000543538 035 $a(EBL)4229132 035 $a(SSID)ssj0001637691 035 $a(PQKBManifestationID)16396227 035 $a(PQKBTitleCode)TC0001637691 035 $a(PQKBWorkID)14956511 035 $a(PQKB)10866401 035 $a(DE-B1597)426804 035 $a(OCoLC)951149916 035 $a(DE-B1597)9781614516958 035 $a(Au-PeEL)EBL4229132 035 $a(CaPaEBR)ebr11137139 035 $a(CaONFJC)MIL881736 035 $a(OCoLC)935254146 035 $a(MiAaPQ)EBC4229132 035 $a(PPN)190966653 035 $a(EXLCZ)993710000000543538 100 $a20160127h20152015 uy 0 101 0 $afre 135 $aur|n|---||||| 181 $ctxt 182 $cc 183 $acr 200 10$aGe?ne?ration et substance $eAristote et Averroe?s entre physique et me?taphysique /$fde Cristina Cerami 210 1$aBoston, [Massachusetts] ;$aBerlin, [Germany] :$cDe Gruyter,$d2015. 210 4$d©2015 215 $a1 online resource (748 p.) 225 1 $aScientia Graeco-Arabica,$x1868-7172 ;$vBand 18 300 $aDescription based upon print version of record. 311 $a1-61451-777-0 320 $aIncludes bibliographical references and indexes. 327 $tFrontmatter -- $tTable de matières -- $tIntroduction -- $tChapitre I: La génération substantielle dans le corpus philosophique d?Aristote: les critères d?une étude systémique -- $tChapitre II: Les premières causes de la nature et du mouvement naturel dans son ensemble -- $tChapitre III: Du général au spécifique: l?étude de la génération substantielle dans ses caractéristiques propres -- $tChapitre IV: La mise en ?uvre de l?étude de la génération substantielle: la génération animale -- $tChapitre V: Le quelque chose qui vient à être: substance et génération de la substance dans le livre Z de la Métaphysique -- $tConclusion: Fondements et résultats de l?étude de la génération d?Aristote -- $tChapitre VI: L?étude de la génération substantielle et l?ordre du corpus physique d?après Averroès -- $tChapitre VII: Les racines universelles de la nature: l?étude générale de la génération -- $tChapitre VIII: La voie vers le plus parfait. L?étude propre de la génération substantielle: des éléments aux êtres vivants -- $tChapitre IX: La noblesse de l?être: physique, ontologie et théologie dans le Grand Commentaire de la Métaphysique -- $tConclusion: D?Aristote à Averroès. La théorie de la génération au c?ur du néo-aristotélisme -- $tBibliographie -- $tIndex des lieux -- $tIndex des termes grecs -- $tIndex des termes arabes -- $tIndex des termes latins 330 $aCe livre constitue la première étude du rôle de la génération dans les systèmes philosophiques d?Aristote et d?Averroès (1126-1198). En s?appuyant sur de nombreux textes traduits du grec, de l?arabe et du latin, l?auteur propose une nouvelle lecture de la théorie aristotélicienne de la génération, ainsi qu?une interprétation de son renouvellement par le Commentateur. Les traités majeurs consacrés par Averroès à la physique générale, à la théorie des éléments et à la biologie d?Aristote sont, pour la première fois, examinés dans leur rapport mutuel et dans celui qu?ils entretiennent à la métaphysique. Cette étude transversale révèle les nouveaux enjeux philosophiques et épistémologiques au fondement du système d?Averroès : dans la lignée de l?aristotélisme essentialiste d?Alexandre d?Aphrodise et tout en réfutant la doctrine créationniste de certains théologiens de l?Islam, le philosophe cordouan établit le fondement a posteriori de tout savoir humain. La philosophie d?Averroès est ainsi réinterprétée comme un jalon fondamental d?une histoire qui, du monde grec à la modernité, scelle le destin commun de la philosophie naturelle et de la métaphysique. 410 0$aScientia Graeco-Arabica ;$vBand 18. 606 $aSubstance (Philosophy) 610 $aAristotle. 610 $aAverroès. 610 $ageneration. 610 $ahistory of philosophy. 610 $asubstance. 615 0$aSubstance (Philosophy) 676 $a111.1 700 $aCerami$b Cristina$01021005 801 0$bMiAaPQ 801 1$bMiAaPQ 801 2$bMiAaPQ 906 $aBOOK 912 $a9910798051603321 996 $aGe?ne?ration et substance$92417722 997 $aUNINA